[Event "DEM U10w 2022"]
[Site "Willingen GER"]
[Date "2022.06.11"]
[Round "11"]
[White "Englert, Ann"]
[Black "Yang, Sophie"]
[Result "1-0"]
[Termination "normal"]
[Board "5"]
[WhiteElo "1059"]
[BlackElo "1209"]
[WhiteClock "00:38:14"]
[BlackClock "00:42:33"]
[PlyCount "143"]
[WhiteFideId "34606181"]
[BlackFideId "16279174"]
[EventCountry "GER"]
[EventRounds "11"]
[EventType "swiss"]
[EventDate "2022.06.04"]

1. d4 {[%clk 01:15:59]} d5 {[%clk 01:15:45]} {[%emt 00:00:15]} 2. c4 {[%clk
01:16:26]} {[%emt 00:00:04]} e6 {[%clk 01:16:05]} {[%emt 00:00:10]} 3. Nc3
{[%clk 01:16:50]} {[%emt 00:00:06]} Nf6 {[%clk 01:16:23]} {[%emt 00:00:10]} 4.
cxd5 {[%clk 01:17:15]} {[%emt 00:00:07]} exd5 {[%clk 01:16:38]} {[%emt
00:00:14]} 5. Bg5 {[%clk 01:16:58]} {[%emt 00:00:45]} Be7 {[%clk 01:16:56]}
{[%emt 00:00:14]} 6. e3 {[%clk 01:17:20]} {[%emt 00:00:09]} c6 {[%clk
01:16:09]} {[%emt 00:01:15]} 7. Bd3 {[%clk 01:16:22]} {[%emt 00:01:30]} O-O
{[%clk 01:14:26]} {[%emt 00:02:12]} 8. h3 {[%clk 01:12:39]} {[%emt 00:04:13]}
h6 {[%clk 01:14:30]} {[%emt 00:00:25]} 9. Bf4 {[%clk 01:12:27]} {[%emt
00:00:42]} Re8 {[%clk 01:14:26]} {[%emt 00:00:35]} 10. Nf3 {[%clk 01:12:09]}
{[%emt 00:00:48]} Nbd7 {[%clk 01:13:33]} {[%emt 00:01:22]} 11. O-O {[%clk
01:10:57]} {[%emt 00:01:44]} Nf8 {[%clk 01:10:50]} {[%emt 00:03:13]} 12. Rb1
{[%clk 01:10:08]} {[%emt 00:01:18]} Ne6 {[%emt 00:02:11]} 13. Be5 {[%clk
01:06:20]} {[%emt 00:04:03]} Bd7 {[%clk 01:05:15]} {[%emt 00:04:38]} 14. b4
{[%clk 01:03:50]} {[%emt 00:03:02]} Qc8 {[%clk 01:03:56]} {[%emt 00:01:42]} 15.
a3 {[%clk 00:57:10]} {[%emt 00:07:16]} Nf8 {[%clk 01:03:26]} {[%emt 00:00:56]}
16. Na4 {[%emt 00:03:35]} Bf5 {[%clk 01:02:29]} {[%emt 00:01:18]} 17. Nc5
{[%clk 00:50:58]} {[%emt 00:03:50]} Bxd3 {[%clk 01:01:55]} {[%emt 00:01:02]}
18. Qxd3 {[%clk 00:50:55]} {[%emt 00:00:35]} N8d7 {[%clk 00:58:15]} {[%emt
00:04:02]} 19. Bg3 {[%clk 00:45:13]} {[%emt 00:06:15]} Nb6 {[%clk 00:56:51]}
{[%emt 00:01:55]} 20. Ne5 {[%clk 00:43:00]} {[%emt 00:02:47]} Nbd7 {[%clk
00:54:14]} {[%emt 00:03:04]} 21. a4 {[%clk 00:41:00]} {[%emt 00:02:33]} Nxc5
{[%clk 00:53:37]} {[%emt 00:01:07]} 22. bxc5 {[%clk 00:40:57]} {[%emt
00:00:33]} Ne4 {[%clk 00:51:44]} {[%emt 00:02:16]} 23. Bh2 {[%clk 00:40:00]}
{[%emt 00:01:34]} Bd8 {[%clk 00:42:22]} {[%emt 00:09:50]} 24. f3 {[%clk
00:39:36]} {[%emt 00:00:56]} Nf6 {[%clk 00:42:19]} {[%emt 00:00:31]} 25. Rb3
{[%clk 00:37:08]} {[%emt 00:02:58]} b6 {[%clk 00:41:11]} {[%emt 00:01:40]} 26.
Rc1 {[%clk 00:34:21]} {[%emt 00:03:15]} bxc5 {[%clk 00:38:15]} {[%emt
00:02:32]} 27. Rxc5 {[%clk 00:34:21]} {[%emt 00:02:26]} Re6 {[%clk 00:38:02]}
{[%emt 00:00:40]} 28. Qc2 {[%clk 00:32:51]} {[%emt 00:02:03]} Qa6 {[%clk
00:35:47]} {[%emt 00:02:42]} 29. Rbc3 {[%clk 00:28:52]} {[%emt 00:04:31]} Rc8
{[%clk 00:34:34]} {[%emt 00:01:42]} 30. Rxc6 {[%clk 00:27:32]} {[%emt
00:01:52]} Rexc6 {[%clk 00:34:36]} {[%emt 00:00:10]} 31. Rxc6 {[%clk 00:27:59]}
{[%emt 00:00:21]} Rxc6 {[%clk 00:34:54]} {[%emt 00:00:12]} 32. Nxc6 {[%clk
00:27:59]} {[%emt 00:00:30]} Bb6 {[%clk 00:34:56]} {[%emt 00:00:28]} 33. Ne7+
{[%clk 00:27:17]} {[%emt 00:01:09]} Kf8 {[%clk 00:35:06]} {[%emt 00:00:22]} 34.
Qc8+ {[%clk 00:27:07]} {[%emt 00:00:41]} Qxc8 {[%clk 00:35:23]} {[%emt
00:00:14]} 35. Nxc8 {[%clk 00:27:31]} {[%emt 00:00:05]} Ke8 {[%clk 00:35:07]}
{[%emt 00:00:41]} 36. Nxb6 {[%clk 00:27:41]} {[%emt 00:00:25]} axb6 {[%clk
00:35:30]} {[%emt 00:00:08]} 37. Kf2 {[%clk 00:28:06]} {[%emt 00:00:04]} Kd7
{[%clk 00:35:50]} {[%emt 00:00:10]} 38. Ke2 {[%clk 00:28:11]} {[%emt 00:00:25]}
Kc8 {[%clk 00:35:54]} {[%emt 00:00:25]} 39. Kd3 {[%clk 00:28:36]} {[%emt
00:00:06]} Kb7 {[%clk 00:36:18]} {[%emt 00:00:06]} 40. Kc3 {[%clk 00:28:59]}
{[%emt 00:00:07]} Ka6 {[%clk 00:36:40]} {[%emt 00:00:08]} 41. Be5 {[%clk
00:28:59]} {[%emt 00:00:29]} Ne8 {[%clk 00:36:46]} {[%emt 00:00:24]} 42. e4
{[%clk 00:29:03]} {[%emt 00:00:27]} dxe4 {[%clk 00:37:05]} {[%emt 00:00:12]}
43. fxe4 {[%clk 00:29:27]} {[%emt 00:00:05]} f6 {[%clk 00:37:13]} {[%emt
00:00:22]} 44. Bg3 {[%clk 00:29:45]} {[%emt 00:00:11]} Ka5 {[%clk 00:37:34]}
{[%emt 00:00:10]} 45. Kb3 {[%clk 00:30:10]} {[%emt 00:00:05]} b5 {[%clk
00:37:31]} {[%emt 00:00:31]} 46. axb5 {[%clk 00:30:36]} {[%emt 00:00:06]} Kxb5
{[%clk 00:37:51]} {[%emt 00:00:10]} 47. Kc3 {[%clk 00:31:01]} {[%emt 00:00:04]}
g5 {[%clk 00:38:06]} {[%emt 00:00:15]} 48. e5 {[%clk 00:31:06]} {[%emt
00:00:26]} fxe5 {[%clk 00:37:57]} {[%emt 00:00:39]} 49. Bxe5 {[%clk 00:31:30]}
{[%emt 00:00:06]} Kc6 {[%clk 00:38:09]} {[%emt 00:00:17]} 50. Kc4 {[%clk
00:31:55]} {[%emt 00:00:04]} Nd6+ {[%clk 00:38:04]} {[%emt 00:00:37]} 51. Bxd6
{[%clk 00:32:18]} {[%emt 00:00:07]} Kxd6 {[%clk 00:38:29]} {[%emt 00:00:05]}
52. d5 {[%clk 00:32:43]} {[%emt 00:00:05]} Kd7 {[%clk 00:38:50]} {[%emt
00:00:09]} 53. Kd4 {[%clk 00:33:04]} {[%emt 00:00:09]} Kd6 {[%clk 00:39:10]}
{[%emt 00:00:11]} 54. Ke4 {[%emt 00:00:14]} Kd7 {[%clk 00:39:25]} {[%emt
00:00:05]} 55. Ke5 {[%clk 00:33:52]} {[%emt 00:00:07]} h5 {[%clk 00:39:43]}
{[%emt 00:00:09]} 56. Kf5 {[%clk 00:34:19]} {[%emt 00:00:05]} g4 {[%emt
00:00:12]} 57. hxg4 {[%emt 00:00:08]} hxg4 {[%clk 00:39:42]} {[%emt 00:00:06]}
58. Kxg4 {[%clk 00:34:47]} {[%emt 00:00:08]} Kd6 {[%clk 00:40:08]} {[%emt
00:00:04]} 59. Kf5 {[%clk 00:35:11]} {[%emt 00:00:05]} Kxd5 {[%clk 00:40:33]}
{[%emt 00:00:06]} 60. g4 {[%clk 00:35:35]} {[%emt 00:00:06]} Kd6 {[%clk
00:40:55]} {[%emt 00:00:07]} 61. g5 {[%clk 00:35:40]} {[%emt 00:00:25]} Ke7
{[%clk 00:41:14]} {[%emt 00:00:40]} 62. g6 {[%clk 00:36:04]} {[%emt 00:00:06]}
Kf8 {[%clk 00:41:27]} {[%emt 00:00:17]} 63. Kf6 {[%clk 00:36:29]} {[%emt
00:00:05]} Kg8 {[%clk 00:41:46]} {[%emt 00:00:09]} 64. g7 {[%clk 00:36:56]}
{[%emt 00:00:05]} Kh7 {[%clk 00:41:53]} {[%emt 00:00:05]} 65. Kf7 {[%clk
00:37:23]} {[%emt 00:00:22]} Kh6 {[%clk 00:42:14]} {[%emt 00:00:08]} 66. g8=Q
{[%clk 00:37:46]} {[%emt 00:00:06]} Kh5 {[%clk 00:42:41]} {[%emt 00:00:04]} 67.
Qg6+ {[%clk 00:38:06]} {[%emt 00:00:09]} Kh4 {[%emt 00:00:06]} 68. Kf6 {[%emt
00:00:05]} Kh3 {[%emt 00:00:08]} 69. Kf5 {[%emt 00:00:08]} Kh2 {[%clk
00:42:33]} {[%emt 00:00:07]} 70. Kf4 {[%clk 00:38:14]} {[%emt 00:00:26]} Kh1
{[%emt 00:00:08]} 71. Kf3 {[%emt 00:00:11]} Kh2 {[%emt 00:00:20]} 72. Qg2+
{[%emt 00:00:06]} 1-0

[Event "DEM U10w 2022"]
[Site "Willingen GER"]
[Date "2022.06.11"]
[Round "11"]
[White "Tu, Audrey"]
[Black "Mersmann, Jasmin"]
[Result "1-0"]
[Termination "normal"]
[Board "6"]
[WhiteElo "1108"]
[BlackElo "1099"]
[WhiteClock "00:27:01"]
[BlackClock "00:40:52"]
[PlyCount "91"]
[WhiteFideId "34628568"]
[BlackFideId "34630287"]
[EventCountry "GER"]
[EventRounds "11"]
[EventType "swiss"]
[EventDate "2022.06.04"]

1. e4 {[%clk 01:15:59]} {[%emt 00:01:52]} e5 {[%clk 01:15:56]} {[%emt
00:00:04]} 2. Nf3 {[%clk 01:16:24]} {[%emt 00:00:05]} Nc6 {[%clk 01:16:21]}
{[%emt 00:00:05]} 3. Bc4 {[%clk 01:16:45]} {[%emt 00:00:09]} Nf6 {[%clk
01:16:17]} {[%emt 00:00:33]} 4. d3 {[%clk 01:16:52]} {[%emt 00:00:24]} h6
{[%clk 01:16:20]} {[%emt 00:00:27]} 5. Nc3 {[%clk 01:16:55]} {[%emt 00:00:28]}
Bc5 {[%clk 01:16:18]} {[%emt 00:00:31]} 6. Be3 {[%clk 01:16:30]} {[%emt
00:00:55]} d6 {[%clk 01:16:33]} {[%emt 00:00:14]} 7. h3 {[%clk 01:16:30]}
{[%emt 00:00:31]} O-O {[%clk 01:16:40]} {[%emt 00:00:22]} 8. g4 {[%clk
01:13:49]} {[%emt 00:03:13]} Nh7 {[%clk 01:15:00]} {[%emt 00:02:07]} 9. Qd2
{[%clk 01:12:22]} {[%emt 00:01:59]} g5 {[%clk 01:14:43]} {[%emt 00:00:46]} 10.
O-O-O {[%clk 01:10:40]} {[%emt 00:02:13]} a5 {[%clk 01:14:29]} {[%emt
00:00:44]} 11. Rdg1 {[%clk 01:08:44]} {[%emt 00:02:26]} Qf6 {[%clk 01:13:29]}
{[%emt 00:01:29]} 12. Rg3 {[%clk 01:04:46]} {[%emt 00:04:29]} Bxe3 {[%clk
01:12:19]} {[%emt 00:01:37]} 13. Qxe3 {[%clk 01:03:24]} {[%emt 00:01:55]} Qf4
{[%clk 01:11:35]} {[%emt 00:01:14]} 14. Nd5 {[%clk 01:00:55]} {[%emt 00:02:59]}
Qxe3+ {[%clk 01:10:37]} {[%emt 00:01:27]} 15. fxe3 {[%clk 01:00:52]} {[%emt
00:00:34]} Kh8 {[%clk 01:10:22]} {[%emt 00:00:39]} 16. Nxc7 {[%clk 00:58:57]}
{[%emt 00:02:31]} Rb8 {[%clk 01:09:52]} {[%emt 00:01:01]} 17. Nb5 {[%clk
00:57:37]} {[%emt 00:01:49]} Rd8 {[%clk 01:09:48]} {[%emt 00:00:33]} 18. Bxf7
{[%clk 00:56:42]} {[%emt 00:01:26]} b6 {[%clk 01:08:27]} {[%emt 00:01:51]} 19.
h4 {[%clk 00:54:40]} {[%emt 00:02:32]} Kg7 {[%clk 01:05:31]} {[%emt 00:03:25]}
20. Bd5 {[%clk 00:51:23]} {[%emt 00:03:48]} Ne7 {[%clk 00:59:07]} {[%emt
00:06:54]} 21. hxg5 {[%clk 00:48:21]} {[%emt 00:03:32]} hxg5 {[%clk 00:58:29]}
{[%emt 00:01:07]} 22. Rgh3 {[%clk 00:46:49]} {[%emt 00:02:02]} Nf6 {[%clk
00:56:54]} {[%emt 00:02:06]} 23. Nxg5 {[%clk 00:45:29]} {[%emt 00:01:50]} Bxg4
{[%clk 00:48:48]} {[%emt 00:08:35]} 24. Rg3 {[%clk 00:41:10]} {[%emt 00:04:50]}
Rh8 {[%clk 00:48:37]} {[%emt 00:00:41]} 25. Rxh8 {[%clk 00:39:22]} {[%emt
00:02:18]} Rxh8 {[%clk 00:48:51]} {[%emt 00:00:15]} 26. Nxd6 {[%clk 00:35:44]}
{[%emt 00:04:08]} Kf8 {[%clk 00:43:46]} {[%emt 00:05:34]} 27. Bc4 {[%clk
00:31:13]} {[%emt 00:05:03]} Nc6 {[%clk 00:42:04]} {[%emt 00:02:10]} 28. Rg2
{[%clk 00:26:54]} {[%emt 00:04:49]} Ke7 {[%clk 00:39:43]} {[%emt 00:02:53]} 29.
Nf5+ {[%clk 00:26:11]} {[%emt 00:01:12]} Kd7 {[%clk 00:39:13]} {[%emt
00:01:00]} 30. Bb5 {[%clk 00:24:26]} {[%emt 00:02:16]} Kc7 {[%clk 00:39:04]}
{[%emt 00:00:39]} 31. Bxc6 {[%clk 00:24:29]} {[%emt 00:00:27]} Kxc6 {[%clk
00:39:27]} {[%emt 00:00:06]} 32. Nf7 {[%emt 00:01:05]} Rh7 {[%clk 00:38:44]}
{[%emt 00:01:07]} 33. Nxe5+ {[%clk 00:24:17]} {[%emt 00:00:14]} Kb5 {[%clk
00:38:37]} {[%emt 00:00:36]} 34. Nxg4 {[%clk 00:24:38]} {[%emt 00:00:09]} Nxg4
{[%clk 00:38:43]} {[%emt 00:00:25]} 35. Rxg4 {[%clk 00:24:54]} {[%emt
00:00:14]} Rh1+ {[%clk 00:38:54]} {[%emt 00:00:19]} 36. Kd2 {[%clk 00:25:06]}
{[%emt 00:00:18]} Rf1 {[%clk 00:38:44]} {[%emt 00:00:39]} 37. Kc3 {[%clk
00:24:42]} {[%emt 00:00:55]} Rxf5 {[%clk 00:38:59]} {[%emt 00:00:15]} 38. exf5
{[%clk 00:25:02]} {[%emt 00:00:10]} a4 {[%clk 00:39:04]} {[%emt 00:00:25]} 39.
f6 {[%clk 00:25:13]} {[%emt 00:00:20]} a3 {[%clk 00:39:31]} {[%emt 00:00:03]}
40. bxa3 {[%clk 00:25:21]} {[%emt 00:00:21]} Ka5 {[%clk 00:39:22]} {[%emt
00:00:38]} 41. f7 {[%clk 00:25:37]} {[%emt 00:00:15]} b5 {[%clk 00:39:28]}
{[%emt 00:00:24]} 42. f8=Q {[%clk 00:25:54]} {[%emt 00:00:13]} b4+ {[%emt
00:00:11]} 43. Qxb4+ {[%clk 00:25:56]} {[%emt 00:00:19]} Ka6 {[%clk 00:40:17]}
{[%emt 00:00:09]} 44. Rg6+ {[%clk 00:26:09]} {[%emt 00:00:17]} Ka7 {[%clk
00:40:33]} {[%emt 00:00:12]} 45. Qe7+ {[%clk 00:26:36]} {[%emt 00:00:05]} Kb8
{[%clk 00:40:52]} {[%emt 00:00:10]} 46. Rg8# {[%clk 00:27:01]} {[%emt
00:00:06]} 1-0

[Event "DEM U10w 2022"]
[Site "Willingen GER"]
[Date "2022.06.11"]
[Round "11"]
[White "Fruth, Julia"]
[Black "Schirmbeck, Lilian"]
[Result "1-0"]
[Termination "normal"]
[Board "8"]
[WhiteElo "1037"]
[BlackElo "980"]
[WhiteClock "00:16:57"]
[BlackClock "00:35:51"]
[PlyCount "123"]
[WhiteFideId "34603050"]
[BlackFideId "34620532"]
[EventCountry "GER"]
[EventRounds "11"]
[EventType "swiss"]
[EventDate "2022.06.04"]

1. e4 {[%clk 01:15:59]} e5 {[%clk 01:15:52]} {[%emt 00:00:08]} 2. Nf3 {[%clk
01:16:25]} {[%emt 00:00:04]} Nc6 {[%clk 01:16:15]} {[%emt 00:00:08]} 3. Bc4
{[%clk 01:16:48]} {[%emt 00:00:06]} Bc5 {[%clk 01:16:34]} {[%emt 00:00:11]} 4.
O-O {[%clk 01:17:12]} {[%emt 00:00:06]} Nf6 {[%clk 01:16:14]} {[%emt 00:00:50]}
5. d4 {[%clk 01:17:36]} {[%emt 00:00:06]} Bxd4 {[%clk 01:16:33]} {[%emt
00:00:11]} 6. Nxd4 {[%clk 01:17:51]} {[%emt 00:00:14]} Nxd4 {[%clk 01:16:44]}
{[%emt 00:00:20]} 7. f4 {[%clk 01:17:40]} {[%emt 00:00:41]} d6 {[%clk
01:14:06]} {[%emt 00:03:08]} 8. fxe5 {[%clk 01:17:33]} {[%emt 00:00:37]} dxe5
{[%clk 01:14:08]} {[%emt 00:00:28]} 9. Bg5 {[%clk 01:16:54]} {[%emt 00:01:09]}
Be6 {[%clk 01:10:51]} {[%emt 00:03:47]} 10. Na3 {[%clk 01:16:08]} {[%emt
00:01:15]} Qe7 {[%clk 01:10:13]} {[%emt 00:01:06]} 11. c3 {[%clk 01:12:12]}
{[%emt 00:04:28]} Nc6 {[%clk 01:06:53]} {[%emt 00:03:51]} 12. Qd3 {[%clk
01:06:21]} {[%emt 00:06:20]} h6 {[%clk 00:58:03]} {[%emt 00:09:21]} 13. Bxf6
{[%clk 01:05:17]} {[%emt 00:01:34]} gxf6 {[%clk 00:56:48]} {[%emt 00:01:45]}
14. Kh1 {[%clk 00:59:44]} {[%emt 00:06:03]} Rg8 {[%clk 00:51:59]} {[%emt
00:05:18]} 15. Rad1 {[%clk 00:58:18]} {[%emt 00:01:56]} f5 {[%clk 00:49:21]}
{[%emt 00:03:09]} 16. exf5 {[%clk 00:58:00]} {[%emt 00:00:48]} Qg5 {[%clk
00:48:46]} {[%emt 00:01:06]} 17. Rf2 {[%clk 00:56:41]} {[%emt 00:01:48]} Bxc4
{[%clk 00:43:10]} {[%emt 00:06:06]} 18. Nxc4 {[%clk 00:56:41]} {[%emt
00:00:30]} Rd8 {[%clk 00:42:55]} {[%emt 00:00:45]} 19. Qe2 {[%clk 00:52:10]}
{[%emt 00:05:00]} Rxd1+ {[%clk 00:42:41]} {[%emt 00:00:45]} 20. Qxd1 {[%clk
00:52:27]} {[%emt 00:00:13]} Qh4 {[%clk 00:43:04]} {[%emt 00:00:07]} 21. Qe2
{[%clk 00:47:28]} {[%emt 00:05:30]} e4 {[%clk 00:41:08]} {[%emt 00:02:25]} 22.
Nd2 {[%clk 00:44:27]} {[%emt 00:03:30]} Kd8 {[%clk 00:39:29]} {[%emt 00:02:11]}
23. Nxe4 {[%clk 00:40:51]} {[%emt 00:04:03]} Re8 {[%clk 00:39:43]} {[%emt
00:00:17]} 24. Qd3+ {[%clk 00:40:43]} {[%emt 00:00:37]} Kc8 {[%clk 00:40:06]}
{[%emt 00:00:09]} 25. Re2 {[%clk 00:34:55]} {[%emt 00:06:18]} Rd8 {[%clk
00:38:54]} {[%emt 00:01:42]} 26. Qc2 {[%clk 00:28:24]} {[%emt 00:06:59]} Qf4
{[%clk 00:37:37]} {[%emt 00:01:49]} 27. Ng3 {[%clk 00:27:34]} {[%emt 00:01:20]}
Qd6 {[%clk 00:36:26]} {[%emt 00:01:41]} 28. Re1 {[%clk 00:24:44]} {[%emt
00:03:18]} Qd2 {[%clk 00:32:58]} {[%emt 00:04:00]} 29. Qxd2 {[%clk 00:24:34]}
{[%emt 00:00:40]} Rxd2 {[%clk 00:33:17]} {[%emt 00:00:11]} 30. h3 {[%clk
00:21:12]} {[%emt 00:03:51]} Rxb2 {[%clk 00:33:26]} {[%emt 00:00:22]} 31. Re8+
{[%clk 00:21:12]} {[%emt 00:00:28]} Kd7 {[%clk 00:33:48]} {[%emt 00:00:09]} 32.
Rh8 {[%clk 00:21:05]} {[%emt 00:00:35]} Rxa2 {[%clk 00:33:55]} {[%emt
00:00:25]} 33. Rxh6 {[%clk 00:21:27]} {[%emt 00:00:07]} a5 {[%clk 00:34:19]}
{[%emt 00:00:07]} 34. Rf6 {[%clk 00:20:13]} {[%emt 00:01:36]} Ke7 {[%clk
00:34:34]} {[%emt 00:00:22]} 35. Nh5 {[%clk 00:19:21]} {[%emt 00:01:22]} a4
{[%clk 00:34:35]} {[%emt 00:00:30]} 36. g4 {[%clk 00:18:56]} {[%emt 00:00:54]}
a3 {[%clk 00:31:56]} {[%emt 00:03:10]} 37. g5 {[%clk 00:19:05]} {[%emt
00:00:22]} Ra1+ {[%clk 00:32:21]} {[%emt 00:00:04]} 38. Kg2 {[%clk 00:19:16]}
{[%emt 00:00:18]} a2 {[%clk 00:32:44]} {[%emt 00:00:08]} 39. g6 {[%clk
00:18:20]} {[%emt 00:01:26]} Rg1+ {[%clk 00:33:03]} {[%emt 00:00:11]} 40. Kxg1
{[%clk 00:18:32]} {[%emt 00:00:18]} a1=Q+ {[%clk 00:33:22]} {[%emt 00:00:10]}
41. Kg2 {[%clk 00:18:45]} {[%emt 00:00:18]} Qb2+ {[%clk 00:33:38]} {[%emt
00:00:15]} 42. Kf1 {[%clk 00:18:49]} {[%emt 00:00:24]} Qc1+ {[%clk 00:33:35]}
{[%emt 00:00:34]} 43. Ke2 {[%clk 00:19:02]} {[%emt 00:00:17]} Qg5 {[%clk
00:33:00]} {[%emt 00:01:03]} 44. Rxf7+ {[%clk 00:17:57]} {[%emt 00:01:36]} Ke8
{[%clk 00:33:20]} {[%emt 00:00:10]} 45. Ng7+ {[%clk 00:16:34]} {[%emt
00:01:52]} Kd8 {[%clk 00:32:43]} {[%emt 00:01:08]} 46. Ne6+ {[%clk 00:16:57]}
{[%emt 00:00:07]} Ke8 {[%clk 00:32:55]} {[%emt 00:00:19]} 47. Nxg5 {[%clk
00:17:03]} {[%emt 00:00:23]} Nd8 {[%clk 00:33:06]} {[%emt 00:00:20]} 48. g7
{[%clk 00:16:30]} {[%emt 00:01:03]} Nxf7 {[%clk 00:33:11]} {[%emt 00:00:25]}
49. g8=Q+ {[%clk 00:16:45]} {[%emt 00:00:08]} Kd7 {[%clk 00:33:32]} {[%emt
00:00:16]} 50. Qxf7+ {[%clk 00:16:58]} {[%emt 00:00:16]} Kc6 {[%clk 00:33:50]}
{[%emt 00:00:13]} 51. Qe6+ {[%clk 00:17:04]} {[%emt 00:00:23]} Kb5 {[%clk
00:34:03]} {[%emt 00:00:17]} 52. c4+ {[%clk 00:17:04]} {[%emt 00:00:30]} Ka5
{[%clk 00:34:27]} {[%emt 00:00:07]} 53. Qd5+ {[%clk 00:17:09]} {[%emt
00:00:24]} Ka6 {[%clk 00:34:46]} {[%emt 00:00:13]} 54. Ne6 {[%clk 00:17:13]}
{[%emt 00:00:25]} c6 {[%clk 00:35:04]} {[%emt 00:00:11]} 55. Qd3 {[%clk
00:17:11]} {[%emt 00:00:33]} Ka7 {[%clk 00:35:24]} {[%emt 00:00:09]} 56. Qb3
{[%clk 00:17:16]} {[%emt 00:00:25]} b6 {[%clk 00:35:26]} {[%emt 00:00:28]} 57.
f6 {[%clk 00:16:45]} {[%emt 00:01:01]} Ka6 {[%clk 00:35:04]} {[%emt 00:00:53]}
58. f7 {[%clk 00:16:41]} {[%emt 00:00:33]} Ka7 {[%clk 00:35:20]} {[%emt
00:00:15]} 59. f8=Q {[%clk 00:16:56]} {[%emt 00:00:13]} Kb7 {[%clk 00:35:36]}
{[%emt 00:00:15]} 60. Qe7+ {[%clk 00:16:44]} {[%emt 00:00:42]} Ka8 {[%clk
00:35:51]} {[%emt 00:00:15]} 61. Nc5 {[%clk 00:16:57]} {[%emt 00:00:49]} Kb8
{[%clk 00:35:51]} {[%emt 00:00:30]} 62. Qb7# {[%emt 00:00:12]} 1-0

[Event "DEM U10w 2022"]
[Site "Willingen GER"]
[Date "2022.06.11"]
[Round "11"]
[White "Bacakova, Klara"]
[Black "Weißleder, Emia"]
[Result "1-0"]
[Termination "normal"]
[Board "9"]
[WhiteElo "1169"]
[BlackElo "983"]
[WhiteClock "00:54:50"]
[BlackClock "00:56:45"]
[PlyCount "47"]
[WhiteFideId "34605762"]
[BlackFideId "34682627"]
[EventCountry "GER"]
[EventRounds "11"]
[EventType "swiss"]
[EventDate "2022.06.04"]

1. e4 {[%clk 01:15:56]} {[%emt 00:00:03]} c5 {[%clk 01:15:52]} {[%emt
00:00:08]} 2. d4 {[%clk 01:16:15]} {[%emt 00:00:11]} cxd4 {[%clk 01:15:05]}
{[%emt 00:01:17]} 3. c3 {[%clk 01:16:33]} {[%emt 00:00:11]} e5 {[%clk
01:12:15]} {[%emt 00:03:22]} 4. Nf3 {[%clk 01:14:48]} {[%emt 00:02:14]} Nc6
{[%clk 01:10:51]} {[%emt 00:01:53]} 5. Bc4 {[%clk 01:14:07]} {[%emt 00:01:12]}
Nf6 {[%clk 01:10:00]} {[%emt 00:01:21]} 6. cxd4 {[%clk 01:12:21]} {[%emt
00:02:17]} d6 {[%clk 01:08:37]} {[%emt 00:01:53]} 7. dxe5 {[%clk 01:10:29]}
{[%emt 00:02:22]} Nxe4 {[%clk 01:07:52]} {[%emt 00:01:15]} 8. exd6 {[%clk
01:10:04]} {[%emt 00:00:54]} Bxd6 {[%clk 01:07:46]} {[%emt 00:00:36]} 9. O-O
{[%clk 01:08:39]} {[%emt 00:01:55]} Qf6 {[%clk 01:06:51]} {[%emt 00:01:24]} 10.
Re1 {[%clk 01:04:53]} {[%emt 00:04:17]} Bf5 {[%clk 01:05:47]} {[%emt 00:01:34]}
11. Nc3 {[%clk 01:01:34]} {[%emt 00:03:50]} Qe7 {[%clk 01:02:19]} {[%emt
00:03:56]} 12. Nd5 {[%clk 01:00:49]} {[%emt 00:01:16]} Qd7 {[%clk 01:01:27]}
{[%emt 00:01:22]} 13. Ng5 {[%clk 00:58:44]} {[%emt 00:02:36]} O-O {[%clk
01:01:22]} {[%emt 00:00:34]} 14. Nxe4 {[%clk 00:58:10]} {[%emt 00:01:04]} Rae8
{[%clk 01:01:03]} {[%emt 00:00:49]} 15. Nef6+ {[%clk 00:57:47]} {[%emt
00:00:52]} gxf6 {[%clk 01:00:30]} {[%emt 00:01:03]} 16. Nxf6+ {[%clk 00:58:08]}
{[%emt 00:00:10]} Kh8 {[%clk 01:00:43]} {[%emt 00:00:17]} 17. Nxd7 {[%clk
00:58:26]} {[%emt 00:00:12]} Bxd7 {[%clk 01:00:40]} {[%emt 00:00:33]} 18. Rxe8
{[%clk 00:58:27]} {[%emt 00:00:29]} Rxe8 {[%clk 01:00:43]} {[%emt 00:00:27]}
19. Qxd6 {[%clk 00:57:16]} {[%emt 00:01:41]} b5 {[%clk 01:00:06]} {[%emt
00:01:07]} 20. Qxd7 {[%clk 00:56:29]} {[%emt 00:01:18]} Re4 {[%clk 00:58:40]}
{[%emt 00:01:56]} 21. Qxc6 {[%clk 00:55:39]} {[%emt 00:01:19]} Rd4 {[%clk
00:57:18]} {[%emt 00:01:52]} 22. Qf6+ {[%clk 00:55:25]} {[%emt 00:00:44]} Kg8
{[%clk 00:56:33]} {[%emt 00:01:15]} 23. Bh6 {[%clk 00:54:31]} {[%emt 00:01:24]}
Rg4 {[%clk 00:56:45]} {[%emt 00:00:18]} 24. Qd8# {[%clk 00:54:50]} {[%emt
00:00:11]} 1-0